Better Buildings Partnership (Record no. 121178)

MARC details
000 -LEADER
fixed length control field 01025nam a2200193 4500
001 - CONTROL NUMBER
control field K121178
008 - FIXED-LENGTH DATA ELEMENTS--GENERAL INFORMATION
fixed length control field 190716b2019 ||||| |||| 00| 0 eng d
110 ## - MAIN ENTRY--CORPORATE NAME
9 (RLIN) 6291
Corporate author Better Buildings Partnership
245 ## - TITLE STATEMENT
Title Better Buildings Partnership
520 ## - ABSTRACT
Abstract The British Buildings Partnership (BBP)) is a collaboration of the UK's leading commercial property owners who are working together to improve the sustainability of existing commercial building stock. Its climate commitment was signed by 24 CEOs and CIOs of leading real estate companies who agree to collaborate in order to deliver net zero carbon buildings by 2050. January 2020 it is launching a forum to enable owners and occupiers to collaborate on sustainability issues.
650 ## - KEYWORDS
Keywords Valuetheplanet
650 ## - KEYWORDS
Keywords Zero-carbon
650 ## - KEYWORDS
Keywords Climate change
650 ## - KEYWORDS
Keywords Real estate
651 ## - SUBJECT ADDED ENTRY--GEOGRAPHIC NAME
Geographic name United Kingdom
690 ## - LOCAL SUBJECT ADDED ENTRY--TOPICAL TERM (OCLC, RLIN)
9 (RLIN) 6271
Topical term or geographic name as entry element Sustainability
856 ## - ONLINE RESOURCE
Uniform Resource Identifier https://www.betterbuildingspartnership.co.uk/
Public note View at Betterbuildingspartnership
942 ## - ADDED ENTRY ELEMENTS (KOHA)
Source of classification or shelving scheme Dewey Decimal Classification
Holdings
Withdrawn status Lost status Source of classification or shelving scheme Damaged status Not for loan Home library Current library Shelving location Date acquired Total Checkouts Date last seen Price effective from Koha item type
    Dewey Decimal Classification     Virtual Virtual Online 19/12/2019   19/12/2019 19/12/2019 Online material